[Event "PRO League Group Stage"]
[Site "chess.com INT"]
[Date "2019.01.23"]
[Round "3"]
[White "Nagle, Sean"]
[Black "Hilby, Craig"]
[Result "0-1"]
[WhiteTitle "IM"]
[BlackTitle "IM"]
[WhiteElo "2432"]
[BlackElo "2445"]
[WhiteTeam "Minnesota Blizzard"]
[BlackTeam "San Diego Surfers"]
[WhiteFideId "2013878"]
[BlackFideId "2062674"]
[EventDate "2019.01.08"]

1. Nf3 Nf6 2. c4 b6 3. g3 Bb7 4. Bg2 g6 5. O-O Bg7 6. Nc3 O-O 7. Re1 c5 8. d4
Ne4 9. Nxe4 Bxe4 10. d5 d6 11. Bh3 Bxf3 12. exf3 Na6 13. Qa4 Nc7 14. Qc6 Rb8 15.
Qd7 Bf6 16. a4 Qxd7 17. Bxd7 Rfd8 18. Bh3 Na6 19. Re2 Nb4 20. Ra3 a6 21. Bf1 b5
22. axb5 axb5 23. b3 Nd3 24. Bh6 Ne5 25. f4 Nf3+ 26. Kg2 Nd4 27. Rea2 b4 28. Ra7
Nxb3 29. g4 Re8 30. Re2 Nd4 31. Re1 b3 32. Bd3 b2 33. Bb1 e6 34. g5 Bg7 35. Bxg7
Kxg7 36. dxe6 Rxe6 37. Rxe6 Nxe6 38. Kg3 Rb4 39. Ra2 Nd4 40. h4 Ne2+ 41. Kf3 Nc3
42. f5 Nxa2 43. f6+ Kf8 0-1

[Event "PRO League Group Stage"]
[Site "chess.com INT"]
[Date "2019.01.23"]
[Round "3"]
[White "Smirnov, Anton"]
[Black "Safarli, Eltaj"]
[Result "0-1"]
[WhiteTitle "GM"]
[BlackTitle "GM"]
[WhiteElo "2569"]
[BlackElo "2681"]
[WhiteTeam "Australia Kangaroos"]
[BlackTeam "San Jose Hackers"]
[WhiteFideId "3208923"]
[BlackFideId "13402129"]
[EventDate "2019.01.08"]

1. d4 Nf6 2. c4 e6 3. Nc3 Bb4 4. f3 d5 5. a3 Bd6 6. e4 dxe4 7. fxe4 e5 8. d5 Bc5
9. Nf3 Bg4 10. h3 Bxf3 11. Qxf3 Nbd7 12. g4 O-O 13. Bd3 c6 14. Be3 cxd5 15. cxd5
Rc8 16. Bxc5 Nxc5 17. Bc2 Ne8 18. Qf2 Nd6 19. O-O b5 20. Rfc1 a5 21. b4 Ne6 22.
Ne2 Ng5 23. Qe3 Nc4 24. Qg3 Qb6+ 25. Kh1 Nd2 26. Qxe5 Qe3 27. Ng1 Rfe8 28. Qh2
Ndxe4 29. Qg2 Nf2+ 30. Kh2 Rc3 31. Bxh7+ Kxh7 32. Rxc3 Qxc3 33. Qxf2 Qxa1 34.
Qf5+ Kg8 35. Qxg5 Qb2+ 36. Kh1 axb4 37. d6 Qd4 38. Qxb5 Qe4+ 39. Kh2 bxa3 40. d7
Rd8 41. Ne2 a2 0-1

[Event "PRO League Group Stage"]
[Site "chess.com INT"]
[Date "2019.01.23"]
[Round "3"]
[White "Sarana, Alexey"]
[Black "Izoria, Zviad"]
[Result "1-0"]
[WhiteTitle "GM"]
[BlackTitle "GM"]
[WhiteElo "2630"]
[BlackElo "2603"]
[WhiteTeam "Australia Kangaroos"]
[BlackTeam "San Jose Hackers"]
[WhiteFideId "24133795"]
[BlackFideId "13601733"]
[EventDate "2019.01.08"]

1. d4 Nf6 2. c4 e6 3. Nf3 d5 4. Nc3 a6 5. cxd5 exd5 6. Bg5 Be6 7. e3 Nbd7 8. Bd3
Bd6 9. h3 c6 10. Bf4 Qc7 11. Bxd6 Qxd6 12. O-O O-O 13. Qc2 Rfe8 14. b4 b5 15.
Rfb1 h6 16. Ne2 Nb6 17. Nf4 Nc4 18. a4 Bd7 19. Qc3 g5 20. Ne2 Ne4 21. Bxe4 dxe4
22. Nd2 Nxd2 23. Qxd2 Be6 24. Ng3 f5 25. axb5 axb5 26. Qc3 Rf8 27. Rxa8 Rxa8 28.
d5 Bxd5 29. Nxf5 Qf8 30. g4 Kh7 31. Rd1 Ra7 32. Qe5 Rf7 33. Ra1 h5 34. Nd6 Re7
35. Qxg5 hxg4 36. Nf5 Rd7 37. hxg4 1-0

[Event "PRO League Group Stage"]
[Site "chess.com INT"]
[Date "2019.01.23"]
[Round "3"]
[White "Ravuri, Vinesh"]
[Black "Cheng, Bobby"]
[Result "0-1"]
[BlackTitle "IM"]
[WhiteElo "2042"]
[BlackElo "2520"]
[WhiteTeam "San Jose Hackers"]
[BlackTeam "Australia Kangaroos"]
[WhiteFideId "45042632"]
[BlackFideId "4300033"]
[EventDate "2019.01.08"]

1. d4 g6 2. Nc3 Bg7 3. e4 d6 4. h3 a6 5. a4 b6 6. Nf3 Nd7 7. Bc4 e6 8. Bg5 Ne7
9. Qd2 h6 10. Bf4 Bb7 11. O-O g5 12. Bg3 Ng6 13. Rfe1 O-O 14. Rad1 Qe7 15. Bd3
c5 16. Bf1 cxd4 17. Nxd4 Rfd8 18. Nf3 Nde5 19. Nxe5 dxe5 20. Qe3 Qb4 21. b3 Rd4
22. Na2 Qa3 23. Nc1 Rad8 24. Rxd4 exd4 25. Qd2 Rc8 26. Bd3 Qe7 27. Ne2 h5 28. f4
gxf4 29. Nxf4 Qg5 30. Qf2 h4 31. Bh2 Ne5 32. Rf1 Kh8 33. Ne2 Rd8 34. Bf4 Qh5 35.
Bxe5 Bxe5 36. Qxf7 Qxf7 37. Rxf7 Bc8 38. Ra7 a5 39. Rf7 Kg8 40. Rf3 Kg7 41. Nf4
Re8 42. Bc4 Re7 43. Nd3 Bg3 44. Nf4 Kh6 45. Bd3 Bb7 46. Ne2 Be5 47. Kf2 Kg5 48.
g3 hxg3+ 49. Nxg3 Rh7 50. Kg2 Bc6 51. Ne2 Rg7 52. Kf2 Kh4 53. Nf4 Bd7 54. Ng2+
Kg5 55. h4+ Kh6 56. Nf4 Rg4 57. Ng2 Be8 58. Rf8 Bh5 59. Rf3 Rg7 60. Rf8 Bg3+ 61.
Kf1 Be5 62. Nf4 Bf7 63. Ng2 Kg6 64. Kf2 Kf6 65. h5 Rh7 66. Be2 Ke7 67. Ra8 Kf6
68. Ra7 Rh6 69. Rb7 Bxh5 70. Bxh5 Rxh5 71. Rxb6 d3 72. Rc6 d2 73. Ke2 Rh2 74.
Kxd2 Rxg2+ 75. Kd3 Rh2 76. Rc5 Rh3+ 77. Kd2 Bd4 78. Rc4 Ke5 79. c3 Be3+ 80. Ke2
Bb6 81. b4 axb4 82. cxb4 Ra3 83. a5 Bd4 84. Kd2 Kxe4 85. Kc2 e5 86. Rc8 Ke3 87.
Ra8 e4 88. Rg8 Ra2+ 89. Kb3 Rb2+ 90. Kc4 Rc2+ 91. Kb3 Rc3+ 92. Ka4 Rc1 93. b5
Ra1+ 94. Kb4 Kd2 95. Kc4 Bf2 96. a6 e3 97. Re8 e2 98. Kd5 e1=Q 99. Rxe1 Kxe1
100. Kc6 Kd2 101. Kb7 Rb1 102. Kc6 Kc3 0-1

[Event "PRO League Group Stage"]
[Site "chess.com INT"]
[Date "2019.01.23"]
[Round "3"]
[White "Naroditsky, Daniel"]
[Black "Sargissian, Gabriel"]
[Result "0-1"]
[WhiteTitle "GM"]
[BlackTitle "GM"]
[WhiteElo "2616"]
[BlackElo "2689"]
[WhiteTeam "San Francisco Mechanics"]
[BlackTeam "Seattle Sluggers"]
[WhiteFideId "2026961"]
[BlackFideId "13300881"]
[EventDate "2019.01.08"]

1. d4 Nf6 2. c4 e6 3. Nc3 Bb4 4. f3 d5 5. a3 Bxc3+ 6. bxc3 c6 7. e3 O-O 8. Bd3
Re8 9. Ne2 e5 10. cxd5 cxd5 11. dxe5 Rxe5 12. O-O Nc6 13. Nd4 Re8 14. Bc2 Ne5
15. Qe1 Bd7 16. e4 Ng6 17. Qg3 Rc8 18. Bd2 dxe4 19. fxe4 Nxe4 20. Bxe4 Rxe4 21.
Rxf7 Rg4 22. Qf2 Ne5 23. Rf1 Nxf7 24. Qxf7+ Kh8 25. h3 Rg6 26. h4 Bc6 27. Bg5
Qe8 28. Qf2 h6 29. Re1 Qg8 30. Nf5 Rf8 31. Qc2 Re6 32. Bd2 Rxe1+ 33. Bxe1 Qe6 0-1

[Event "PRO League Group Stage"]
[Site "chess.com INT"]
[Date "2019.01.23"]
[Round "3"]
[White "Tiglon, Bryce"]
[Black "Hong, Andrew"]
[Result "1-0"]
[WhiteTitle "IM"]
[BlackTitle "FM"]
[WhiteElo "2390"]
[BlackElo "2390"]
[WhiteTeam "Seattle Sluggers"]
[BlackTeam "San Francisco Mechanics"]
[WhiteFideId "2087456"]
[BlackFideId "2099438"]
[EventDate "2019.01.08"]

1. e4 c5 2. Nf3 d6 3. Nc3 Nf6 4. e5 dxe5 5. Nxe5 a6 6. g3 Nbd7 7. d4 cxd4 8.
Qxd4 e6 9. Nxd7 Bxd7 10. Bg2 Qc8 11. Qb6 Rb8 12. Bf4 Bc5 13. Qb3 e5 14. Bxe5
Bxf2+ 15. Kf1 Be6 16. Nd5 Nxd5 17. Bxd5 Bxd5 18. Qxd5 Qf5 19. g4 Qg5 20. Kxf2
Rd8 21. Qe4 O-O 22. Qf4 Qg6 23. Rhe1 Qxc2+ 24. Re2 Qc5+ 25. Qe3 Qd5 26. Qf3 Qc5+
27. Kg2 Rfe8 28. Rae1 Qc4 29. Bc3 Rxe2+ 30. Qxe2 Qd5+ 31. Qe4 Qd7 32. Qe5 Qxg4+
33. Qg3 Qg6 34. Qxg6 hxg6 35. Re7 b5 36. Kf3 f6 37. Re6 Ra8 38. Rb6 Kh7 39. Kg4
g5 40. Kf5 Kh6 41. Rd6 a5 42. Rd3 Kh7 43. Rh3+ Kg8 44. Kg6 b4 45. Bd4 Rd8 46.
Re3 g4 47. Re7 Kh8 48. Re4 Kg8 49. Rxg4 Rd5 50. h4 Kf8 51. h5 Kg8 52. h6 gxh6
53. Kxf6+ Kh7 54. Ke6 Rg5 55. Rxg5 hxg5 56. Kf5 Kh6 57. Be3 Kh5 58. Bxg5 b3 59.
a3 a4 60. Bf6 Kh6 61. Bc3 Kh5 62. Ke4 Kg4 63. Kd4 Kf3 64. Kc4 Ke2 65. Kb4 Kd1
66. Kxa4 Kc2 67. Kb4 Kb1 68. Kxb3 1-0

[Event "PRO League Group Stage"]
[Site "chess.com INT"]
[Date "2019.01.23"]
[Round "3"]
[White "Yu, Jason"]
[Black "Jirasek, Ladia"]
[Result "0-1"]
[BlackTitle "FM"]
[WhiteElo "2081"]
[BlackElo "2376"]
[WhiteTeam "Seattle Sluggers"]
[BlackTeam "San Francisco Mechanics"]
[WhiteFideId "30907624"]
[BlackFideId "2094398"]
[EventDate "2019.01.08"]

1. e4 d5 2. exd5 Nf6 3. d4 Bg4 4. Be2 Bxe2 5. Nxe2 Qxd5 6. O-O Nc6 7. c3 O-O-O
8. Qb3 e5 9. dxe5 Nxe5 10. Qxd5 Nxd5 11. Nd2 Bd6 12. Ne4 Rhe8 13. N2g3 Bf8 14.
b3 h6 15. c4 Nb4 16. Bf4 Ned3 17. Bd2 f5 18. Nc3 g6 19. Nd1 Nc2 20. Rb1 f4 21.
Nh1 Re2 22. Bc3 Bc5 23. h3 g5 24. Nb2 Na3 0-1

[Event "PRO League Group Stage"]
[Site "chess.com INT"]
[Date "2019.01.23"]
[Round "3"]
[White "Chirila, Ioan-Cristian"]
[Black "Song, Raymond"]
[Result "1/2-1/2"]
[WhiteTitle "GM"]
[BlackTitle "FM"]
[WhiteElo "2566"]
[BlackElo "2329"]
[WhiteTeam "San Jose Hackers"]
[BlackTeam "Australia Kangaroos"]
[WhiteFideId "1211668"]
[BlackFideId "3203824"]
[EventDate "2019.01.08"]

1. Nf3 d5 2. g3 Nf6 3. Bg2 e6 4. c4 Be7 5. O-O O-O 6. b3 b6 7. Bb2 Bb7 8. cxd5
Nxd5 9. d4 c5 10. Nbd2 Nc6 11. dxc5 Bxc5 12. Ne4 Be7 13. Qd2 Bb4 14. Qd3 a5 15.
a3 Be7 16. Rfd1 Ba6 17. Qd2 Qc7 18. Rac1 Qb7 19. Nd4 Rac8 20. Nxc6 Rxc6 21. Nc3
Rd8 22. Nxd5 exd5 23. Rxc6 Qxc6 24. Bxd5 Qg6 25. e4 Qg4 26. Re1 h5 27. Qc3 h4
28. Qc7 Re8 29. Qxb6 Bc8 30. Qb5 Bd7 31. Qe2 Qg6 32. e5 Bc5 33. Qe4 Qb6 34. Re2
h3 35. Rc2 Rd8 36. b4 axb4 37. axb4 Bxf2+ 38. Rxf2 Be6 39. Bd4 Qxb4 40. Bxe6
fxe6 41. Rf4 Qd2 42. Qf3 Rxd4 43. Rf8+ Kh7 44. Qh5+ Qh6 45. Qxh6+ Kxh6 46. Re8
Rd1+ 47. Kf2 Rd2+ 48. Kf3 Rxh2 49. Kg4 Kg6 50. Rxe6+ Kf7 51. Rb6 Re2 52. Rb7+
Kg6 53. Rb6+ Kf7 54. Rb7+ Kg6 55. Rb6+ Kf7 56. Kxh3 Rxe5 57. Rb7+ Re7 58. Rb6
Re6 59. Rb4 Kf6 60. Kg4 Re5 61. Rf4+ Kg6 62. Kf3 Rf5 63. Kg4 Rxf4+ 64. Kxf4 Kf6
65. Kg4 Kg6 66. Kf4 Kf6 67. Kg4 Kg6 68. Kf4 Kf6 69. Kg4 Kg6 1/2-1/2

[Event "PRO League Group Stage"]
[Site "chess.com INT"]
[Date "2019.01.23"]
[Round "3"]
[White "Xu, Xiangyu"]
[Black "Xiong, Jeffery"]
[Result "1/2-1/2"]
[WhiteTitle "GM"]
[BlackTitle "GM"]
[WhiteElo "2567"]
[BlackElo "2672"]
[WhiteTeam "Chengdu Pandas"]
[BlackTeam "Dallas Destiny"]
[WhiteFideId "8608288"]
[BlackFideId "2047640"]
[EventDate "2019.01.08"]

1. Nf3 d5 2. d4 Nf6 3. c4 e6 4. g3 Be7 5. Bg2 O-O 6. b3 dxc4 7. bxc4 c5 8. O-O
Nc6 9. e3 Na5 10. Nbd2 Qc7 11. Bb2 Rd8 12. Rc1 Bd7 13. Qe2 Bc6 14. Nb3 Nxb3 15.
axb3 Qb6 16. dxc5 Bxc5 17. Bxf6 gxf6 18. Qb2 Kg7 19. Nh4 a5 20. Qc2 Bxg2 21.
Nxg2 Qc6 22. Qe2 Qe4 23. Nf4 Kf8 24. Rfd1 Ke7 25. Qh5 b6 26. Rxd8 Rxd8 27. Rd1
Rd6 28. Qe2 Rxd1+ 29. Qxd1 Bd6 30. Nd3 a4 31. bxa4 Qxc4 32. Ne1 Bc5 1/2-1/2

[Event "PRO League Group Stage"]
[Site "chess.com INT"]
[Date "2019.01.23"]
[Round "3"]
[White "Zhao, Jun"]
[Black "Stremavicius, Titas"]
[Result "1-0"]
[WhiteTitle "GM"]
[BlackTitle "IM"]
[WhiteElo "2610"]
[BlackElo "2456"]
[WhiteTeam "Chengdu Pandas"]
[BlackTeam "Dallas Destiny"]
[WhiteFideId "8602522"]
[BlackFideId "12804444"]
[EventDate "2019.01.08"]

1. d4 f5 2. Nc3 Nf6 3. Bg5 d5 4. e3 Be6 5. Bd3 Nbd7 6. Nce2 g6 7. h4 Bf7 8. Nf3
Bg7 9. Nf4 c6 10. h5 Ne4 11. hxg6 hxg6 12. Rxh8+ Bxh8 13. Nh3 Qb6 14. Qc1 c5 15.
c3 Rc8 16. Bf4 a6 17. Kf1 Kf8 18. Kg1 Kg8 19. Qc2 Qc6 20. Rd1 b5 21. Ne5 Nxe5
22. dxe5 c4 23. Bxe4 fxe4 24. Ng5 Bg7 25. Qe2 Be6 26. Qd2 Rd8 27. Nxe4 Bf5 28.
f3 e6 29. Nf2 Rf8 30. g4 Bd3 31. Nxd3 cxd3 32. g5 d4 33. cxd4 Qxf3 34. Qxd3 Rf5
35. Rd2 Bf8 36. Rf2 Qg4+ 37. Rg2 Qh4 38. Qe2 Be7 39. Rh2 Rxg5+ 40. Bxg5 Qxg5+
41. Rg2 Qf5 42. Qg4 Qb1+ 43. Kh2 Kf7 44. Rf2+ Ke8 45. Qxe6 Qe4 46. Qf7+ Kd8 47.
Qf4 Qd5 48. b3 Kc8 49. Qf3 1-0

[Event "PRO League Group Stage"]
[Site "chess.com INT"]
[Date "2019.01.23"]
[Round "3"]
[White "Harmon-Vellotti, Luke"]
[Black "He, Anthony"]
[Result "1-0"]
[WhiteTitle "IM"]
[BlackTitle "FM"]
[WhiteElo "2455"]
[BlackElo "2265"]
[WhiteTeam "Dallas Destiny"]
[BlackTeam "Chengdu Pandas"]
[WhiteFideId "2030012"]
[BlackFideId "2088215"]
[EventDate "2019.01.08"]

1. e4 c5 2. Nf3 Nc6 3. d4 cxd4 4. Nxd4 Nf6 5. Nc3 d6 6. Bg5 e6 7. Qd2 a6 8.
O-O-O Bd7 9. f3 Be7 10. h4 h6 11. Be3 h5 12. Bg5 Qc7 13. Kb1 Ne5 14. f4 Neg4 15.
Qe1 b5 16. a3 Rc8 17. Be2 Ne3 18. Rd2 Nc4 19. Bxc4 Qxc4 20. e5 dxe5 21. fxe5 Ng4
22. Ne4 f6 23. b3 Qc7 24. exf6 gxf6 25. Nxf6+ Nxf6 26. Nxe6 Qc3 27. Rh3 Qa5 28.
Bxf6 Bxf6 29. Nc5+ Be7 30. Re3 Rh7 31. Nxd7 Rf7 32. Ne5 Rf6 33. Ng6 Rxg6 34.
Rxe7+ Kf8 35. Rf2+ 1-0

[Event "PRO League Group Stage"]
[Site "chess.com INT"]
[Date "2019.01.23"]
[Round "3"]
[White "Wheeler, Cameron"]
[Black "Bai, Jinshi"]
[Result "1/2-1/2"]
[WhiteTitle "IM"]
[BlackTitle "GM"]
[WhiteElo "2417"]
[BlackElo "2572"]
[WhiteTeam "Dallas Destiny"]
[BlackTeam "Chengdu Pandas"]
[WhiteFideId "2060531"]
[BlackFideId "8602280"]
[EventDate "2019.01.08"]

1. Nf3 Nf6 2. c4 c5 3. Nc3 Nc6 4. d4 cxd4 5. Nxd4 e6 6. g3 Qb6 7. Nb3 Ne5 8. e4
Bb4 9. Qe2 d6 10. f4 Nc6 11. Be3 Bxc3+ 12. bxc3 Qc7 13. Bg2 O-O 14. O-O b6 15.
g4 Ba6 16. g5 Nd7 17. Rf3 Rfe8 18. Rh3 Nf8 19. Rd1 Rad8 20. f5 Ne5 21. f6 Qxc4
22. Qh5 Qe2 23. fxg7 Kxg7 24. Qh6+ Kg8 25. Rf1 Ng4 26. Qh5 Nxe3 27. Qxf7+ Kh8
28. Qf6+ Kg8 29. Qf7+ Kh8 1/2-1/2

[Event "PRO League Group Stage"]
[Site "chess.com INT"]
[Date "2019.01.23"]
[Round "3"]
[White "Safarli, Eltaj"]
[Black "Sarana, Alexey"]
[Result "1/2-1/2"]
[WhiteTitle "GM"]
[BlackTitle "GM"]
[WhiteElo "2681"]
[BlackElo "2630"]
[WhiteTeam "San Jose Hackers"]
[BlackTeam "Australia Kangaroos"]
[WhiteFideId "13402129"]
[BlackFideId "24133795"]
[EventDate "2019.01.08"]

1. e4 c5 2. Nc3 d6 3. Nf3 Nf6 4. d4 cxd4 5. Nxd4 a6 6. Be3 e5 7. Nf3 Qc7 8. a4
Be7 9. Be2 O-O 10. O-O b6 11. Bg5 Nbd7 12. Nh4 g6 13. g3 Bb7 14. Bf3 Rfe8 15.
Ng2 Rac8 16. Ne3 Qd8 17. Qe2 Nc5 18. Bxf6 Bxf6 19. Ncd5 Ne6 20. c3 Bg5 21. Rfd1
Bxe3 22. Qxe3 Bxd5 23. Rxd5 Qc7 24. Rad1 Red8 25. Qd2 Nc5 26. h4 Nxa4 27. h5 Nc5
28. Qg5 Ne6 29. Qf6 Rd7 30. Be2 b5 31. Bg4 Qd8 32. Qxd8+ Rcxd8 33. hxg6 hxg6 34.
Ra1 f5 35. exf5 Nc7 36. Rd2 gxf5 37. Bxf5 Rf7 38. Bc2 Kg7 39. Re1 Kf6 40. Kg2 d5
41. Rh1 Rd6 42. Rh5 Re6 43. Bb3 Rd7 44. Rh6+ Ke7 45. Rh7+ Kd8 46. Rh5 Ke7 47. f4
exf4 48. gxf4 Rf6 49. Kf3 Ne6 50. Rh7+ Ke8 51. Rxd7 Rxf4+ 52. Ke3 Re4+ 53. Kf3
Rf4+ 54. Kg3 Kxd7 55. Bxd5 Rf6 56. b4 1/2-1/2

[Event "PRO League Group Stage"]
[Site "chess.com INT"]
[Date "2019.01.23"]
[Round "3"]
[White "Izoria, Zviad"]
[Black "Smirnov, Anton"]
[Result "0-1"]
[WhiteTitle "GM"]
[BlackTitle "GM"]
[WhiteElo "2603"]
[BlackElo "2569"]
[WhiteTeam "San Jose Hackers"]
[BlackTeam "Australia Kangaroos"]
[WhiteFideId "13601733"]
[BlackFideId "3208923"]
[EventDate "2019.01.08"]

1. e4 e6 2. f4 d5 3. e5 c5 4. Nf3 Nc6 5. c3 Nh6 6. Na3 Nf5 7. Nc2 Be7 8. d4 Bd7
9. Bd3 g6 10. O-O cxd4 11. Bxf5 gxf5 12. Ncxd4 Qb6 13. Rf2 Na5 14. b3 Rc8 15.
Rc2 Qa6 16. Be3 b6 17. a4 Qb7 18. Qe1 Rg8 19. h3 Rg6 20. Bf2 Nc6 21. Bh4 Nxd4
22. Nxd4 Bc5 23. Rac1 b5 24. Kh2 bxa4 25. bxa4 Bxa4 26. Rb1 Bb6 27. Ra2 Rc4 28.
Bf6 Bd7 29. Qc1 Qc7 30. Rxb6 Qxb6 31. Qa1 Rxf6 32. exf6 Rc7 33. Qe1 Kd8 34. Qh4
Rxc3 35. Nf3 Be8 36. Ne5 Qd4 37. Qh6 Rc1 38. Nf3 Qe3 39. Rb2 Kc7 40. Ra2 Rc4 41.
Rxa7+ Qxa7 42. Qf8 Qa4 43. Ne5 Kb7 44. Nxf7 Bxf7 45. Qxf7+ Rc7 0-1

[Event "PRO League Group Stage"]
[Site "chess.com INT"]
[Date "2019.01.23"]
[Round "3"]
[White "Cheng, Bobby"]
[Black "Chirila, Ioan-Cristian"]
[Result "1-0"]
[WhiteTitle "IM"]
[BlackTitle "GM"]
[WhiteElo "2520"]
[BlackElo "2566"]
[WhiteTeam "Australia Kangaroos"]
[BlackTeam "San Jose Hackers"]
[WhiteFideId "4300033"]
[BlackFideId "1211668"]
[EventDate "2019.01.08"]

1. d4 Nf6 2. c4 g6 3. Nc3 d5 4. Nf3 Bg7 5. h4 dxc4 6. e4 O-O 7. Bxc4 c5 8. d5 b5
9. Bxb5 Nxe4 10. Nxe4 Qa5+ 11. Nc3 Bxc3+ 12. bxc3 Qxb5 13. h5 Qc4 14. Rh4 Qxc3+
15. Bd2 Qd3 16. Bh6 Qxd1+ 17. Rxd1 Re8 18. hxg6 fxg6 19. Ng5 Nd7 20. Ne6 Rb8 21.
Nc7 Rd8 22. Ne6 Re8 23. Nc7 Rd8 24. Re4 Rb7 25. d6 exd6 26. Ne8 Ne5 27. Rxe5 1-0

[Event "PRO League Group Stage"]
[Site "chess.com INT"]
[Date "2019.01.23"]
[Round "3"]
[White "Song, Raymond"]
[Black "Ravuri, Vinesh"]
[Result "1-0"]
[WhiteTitle "FM"]
[WhiteElo "2329"]
[BlackElo "2042"]
[WhiteTeam "Australia Kangaroos"]
[BlackTeam "San Jose Hackers"]
[WhiteFideId "3203824"]
[BlackFideId "45042632"]
[EventDate "2019.01.08"]

1. d4 Nf6 2. Bg5 d5 3. Nd2 g6 4. Bxf6 exf6 5. g3 Bg7 6. Bg2 O-O 7. e3 f5 8. Ne2
c6 9. O-O Nd7 10. c4 dxc4 11. Nxc4 Nb6 12. Nd2 Re8 13. Nf4 Qd6 14. Rc1 Be6 15.
Nxe6 Qxe6 16. Nb3 Rad8 17. Nc5 Qc8 18. Qb3 Bf8 19. Nd3 Bd6 20. Rfd1 h5 21. a4
Qe6 22. Qxe6 fxe6 23. a5 Nd5 24. a6 bxa6 25. Rxc6 Nb6 26. Ra1 Rc8 27. Rxa6 Rxc6
28. Bxc6 Rc8 29. Bf3 Rc7 30. Kg2 Kf7 31. b4 Ke7 32. b5 Nd7 33. Ra2 e5 34. dxe5
Nxe5 35. Nf4 Kf7 36. Bd5+ Kf6 37. Ra6 Rd7 38. Be6 Rd8 39. Bb3 Rd7 40. Ba4 1-0

[Event "PRO League Group Stage"]
[Site "chess.com INT"]
[Date "2019.01.23"]
[Round "3"]
[White "Xiong, Jeffery"]
[Black "Zhao, Jun"]
[Result "0-1"]
[WhiteTitle "GM"]
[BlackTitle "GM"]
[WhiteElo "2672"]
[BlackElo "2610"]
[WhiteTeam "Dallas Destiny"]
[BlackTeam "Chengdu Pandas"]
[WhiteFideId "2047640"]
[BlackFideId "8602522"]
[EventDate "2019.01.08"]

1. e4 c5 2. Nf3 d6 3. Bb5+ Nd7 4. d4 cxd4 5. Qxd4 a6 6. Bxd7+ Bxd7 7. Nc3 e5 8.
Qd3 h6 9. Nd2 Nf6 10. Nc4 Be6 11. Ne3 Qc7 12. O-O Be7 13. a4 O-O 14. Rd1 Rac8
15. Qe2 Rfd8 16. Qf3 Rd7 17. Bd2 Qd8 18. Be1 Qf8 19. a5 Bd8 20. Na4 Bc7 21. c4
Bd8 22. b3 Rc6 23. Nc3 b6 24. Ncd5 bxa5 25. Bxa5 Rb7 26. Nf5 Nh7 27. Nb4 Rc8 28.
Nxa6 Bxa5 29. Rxa5 Rc6 30. Qc3 Nf6 31. Ng3 Qc8 32. Rda1 Rcb6 33. R5a3 Qc6 34. h3
Nxe4 35. Nxe4 Qxe4 36. c5 Rxb3 37. Rxb3 Rxb3 38. Qe1 Qc6 39. cxd6 Qxd6 40. Qe4
Rb6 41. Nc5 Qxc5 0-1

[Event "PRO League Group Stage"]
[Site "chess.com INT"]
[Date "2019.01.23"]
[Round "3"]
[White "Stremavicius, Titas"]
[Black "Xu, Xiangyu"]
[Result "0-1"]
[WhiteTitle "IM"]
[BlackTitle "GM"]
[WhiteElo "2456"]
[BlackElo "2567"]
[WhiteTeam "Dallas Destiny"]
[BlackTeam "Chengdu Pandas"]
[WhiteFideId "12804444"]
[BlackFideId "8608288"]
[EventDate "2019.01.08"]

1. c4 f5 2. g3 g6 3. Bg2 Bg7 4. Nf3 e5 5. h4 Nc6 6. Nc3 Nf6 7. d4 e4 8. Ng5 O-O
9. Nh3 d5 10. Bg5 dxc4 11. e3 h6 12. Bxf6 Qxf6 13. Qa4 Be6 14. Nf4 Bf7 15. Bf1
Ne7 16. Bxc4 Qb6 17. Bxf7+ Rxf7 18. Qc4 c5 19. h5 cxd4 20. hxg6 Nxg6 21. Ncd5
Qxb2 22. O-O Ne5 23. Qc5 dxe3 24. Nxe3 Nf3+ 25. Kg2 Bd4 26. Rab1 Qxb1 27. Qd5
Qb6 28. Nxf5 Qf6 29. Nd6 Rd8 30. Qxf7+ Qxf7 31. Nxf7 Kxf7 32. Rb1 Bb6 33. Rb4
Rd2 34. Rxe4 Rxf2+ 35. Kh3 Ng5+ 0-1

[Event "PRO League Group Stage"]
[Site "chess.com INT"]
[Date "2019.01.23"]
[Round "3"]
[White "Bai, Jinshi"]
[Black "Harmon-Vellotti, Luke"]
[Result "1-0"]
[WhiteTitle "GM"]
[BlackTitle "IM"]
[WhiteElo "2572"]
[BlackElo "2455"]
[WhiteTeam "Chengdu Pandas"]
[BlackTeam "Dallas Destiny"]
[WhiteFideId "8602280"]
[BlackFideId "2030012"]
[EventDate "2019.01.08"]

1. Nf3 Nf6 2. c4 e6 3. g3 a6 4. Nc3 d5 5. d4 Bd6 6. Bg2 O-O 7. O-O c6 8. Nd2 Re8
9. e4 e5 10. dxe5 Bxe5 11. exd5 Bxc3 12. bxc3 cxd5 13. cxd5 Nxd5 14. Qb3 Nf6 15.
Nc4 Be6 16. Qxb7 Bxc4 17. Qxa8 Bxf1 18. Bxf1 Qd1 19. Qb7 Nbd7 20. Qb3 Qg4 21.
Bf4 g5 22. Bc7 Rc8 23. Qb7 Nc5 24. Qb6 Nfd7 25. Qc6 Ne6 26. Qxd7 Rxc7 27. Qd3 a5
28. Rb1 Kg7 29. Rb5 Qa4 30. c4 Qxa2 31. Qc3+ Kf8 32. Rxa5 Qb1 33. Qf6 Qb8 34.
Rd5 Qe8 35. Bh3 Re7 36. Qh8# 1-0

[Event "PRO League Group Stage"]
[Site "chess.com INT"]
[Date "2019.01.23"]
[Round "3"]
[White "He, Anthony"]
[Black "Wheeler, Cameron"]
[Result "0-1"]
[WhiteTitle "FM"]
[BlackTitle "IM"]
[WhiteElo "2265"]
[BlackElo "2417"]
[WhiteTeam "Chengdu Pandas"]
[BlackTeam "Dallas Destiny"]
[WhiteFideId "2088215"]
[BlackFideId "2060531"]
[EventDate "2019.01.08"]

1. e4 a6 2. d4 b5 3. Bd3 Bb7 4. f4 e6 5. Nf3 c5 6. c3 d5 7. e5 Nh6 8. Qe2 Nc6 9.
Be3 c4 10. Bc2 b4 11. O-O a5 12. Ba4 Be7 13. Kh1 O-O 14. Nbd2 Na7 15. h3 Bc6 16.
Bxc6 Nxc6 17. g4 Qd7 18. f5 exf5 19. g5 f4 20. Bxf4 Qxh3+ 21. Nh2 Nf5 22. Rf3
Qh5 23. Qf2 Nd8 24. Rg1 Ne6 25. Nf1 Qh4 26. Qd2 bxc3 27. bxc3 Rab8 28. Rg4 Qh5
29. Qc2 Qg6 30. Rg2 Nh4 31. Qf2 Nxf3 32. Qxf3 Rb1 33. Be3 Qd3 34. Rg1 Rfb8 35.
Qxd5 R8b2 36. Qa8+ Bf8 37. Qf3 Qe2 38. Qf5 Rxf1 39. Nxf1 Qh5+ 0-1